"Hochšíci" prví, Martikán druhý Svetový pohár vo vodnom slalome - 1. kolo

Bibliographic Details
Format: Article
Language:Slovak
ISSN:0139-7001
Subjects:

MARC

LEADER 00000nab a2200000 ar4500
001 vtls009005699
003 SK-MaSNL
005 20260303065709.0
008 070711c20070702xo mr|p|||||||000 b|slo
015 |a SNKBUCL2007/07  |2 snkbucl 
038 |a SNKBUCL 
040 |a SNKBUCL  |b slo  |c SNKBUCL  |e AACR2 
041 0 |a slo 
044 |a xo  |c SK 
080 |a 797.122.2/.3.093.1  |x (100)  |2 2001 
245 0 0 |a "Hochšíci" prví, Martikán druhý  |b Svetový pohár vo vodnom slalome - 1. kolo 
648 7 |a sezóna 2007/2008  |2 snkbucl  |9 831001 
650 0 7 |a vodný slalom  |2 snkbucl  |9 74529 
650 0 7 |a Svetový pohár  |2 snkbucl  |9 842306 
650 0 7 |a 1. kolo  |2 snkbucl  |9 872967 
773 0 |t Šport  |g Roč. 61, č. 151 (2.7.2007), s. 23  |x 0139-7001 
852 |a SNK  |b KIS3GCP 
999 |c 1752263  |d 1754193